People, the environment and forestry - conflict or harmony : Proceedings of the 14th Commonwealth Forestry Conference, Kuala Lumpur, Malaysia, 1993

Bibliographic Details
Corporate Authors: COMMONWEALTH Forestry Conference, Malaysia
Other Authors: THANG
Format: Book
Published: Kuala Lumpur : Ministry of Primary Industries, Malaysia , 1995
Subjects:

MARC

LEADER 00000cam a2200000 7i4500
001 0000000366
005 20011204.0
020 0 0 |a 9839269003 
090 0 0 |a 634.909171241   |b COM 1995 
110 1 0 |a COMMONWEALTH Forestry Conference   |i 14th   |k 1993   |j Kuala Lumpur 
245 1 0 |a People, the environment and forestry - conflict or harmony :   |b Proceedings of the 14th Commonwealth Forestry Conference, Kuala Lumpur, Malaysia, 1993   |c editors, Thang Hooi Chiew ... [et al] 
260 0 0 |a Kuala Lumpur :   |b Ministry of Primary Industries, Malaysia ,   |c 1995 
300 |a viii, 448 p. ;   |c 28 cm. 
650 0 0 |a Forest conservation   |z Commonweath countries   |x Congresses 
650 0 0 |a Forest management   |z Commonwealth countries   |x Congresses 
650 0 0 |a Forests and forestry   |z Commonwealth countries   |x Congresses 
700 0 1 |a THANG   |h Hooi Chiew 
710 1 1 |a Malaysia ,   |c Kementerian Perusahaan Utama 
998 |a JPSM 
999 |a 0000000542   |b Monograph   |c Open Shelf   |e Default branch 
999 |a 0000000543   |b Monograph   |c Open Shelf   |e Default branch 
999 |a 0000001928   |b Monograph   |c Open Shelf   |e Default branch